logo

Bir Sreshtho Munshi Abdur Rouf Library
Jhenaidah Cadet College

Real 802.11 security : (Record no. 14165)

MARC details
000 -LEADER
fixed length control field 00738nam a2200241 a 4500
001 - CONTROL NUMBER
JCCL Control Number 14165
003 - CONTROL NUMBER IDENTIFIER
JCCL marc code BD-JhCC
005 - DATE AND TIME OF LATEST TRANSACTION
control field 20250205120825.0
008 - FIXED-LENGTH DATA ELEMENTS--GENERAL INFORMATION
fixed length control field 250204b2004 us |||| ||a| 001 0 eng d
020 ## - INTERNATIONAL STANDARD BOOK NUMBER
International Standard Book Number 0321136209
035 ## - SYSTEM CONTROL NUMBER
system control number (BD-JhCC)14165
040 ## - CATALOGING SOURCE
Original cataloging agency BD-JhCC
Modifying agency BD-JhCC
041 ## - LANGUAGE CODE
Language code of Book English
082 ## - DEWEY DECIMAL CLASSIFICATION NUMBER
Classification number 004.68
Author mark and Year EDN 2004
100 ## - MAIN ENTRY--PERSONAL NAME
Personal name Edney, Jon
245 ## - TITLE STATEMENT
Title Real 802.11 security :
Remainder of title Wi-Fi protected access and 802.11i /
Statement of responsibility, etc Jon Edney, William A. Arbaugh.
260 ## - PUBLICATION, DISTRIBUTION, ETC. (IMPRINT)
Place of publication, distribution, etc Boston:
Name of publisher, distributor, etc Addison-Wesley;
Date of publication, distribution, etc 2004.
300 ## - PHYSICAL DESCRIPTION
Pagination xxi, 451 p. :
Other physical details ill;
Dimensions 24 cm.
651 ## - SUBJECT ADDED ENTRY--GEOGRAPHIC NAME
Geographic name Data communication networks
Form subdivision IEEE 802.11 (Norme)
General subdivision Lokales Netz
Geographic subdivision Wireless LANs Security
700 ## - ADDED ENTRY--PERSONAL NAME
Personal name Arbaugh,William A.
942 ## - ADDED ENTRY ELEMENTS (KOHA)
Source of classification or shelving scheme Dewey Decimal Classification
Koha item type Books
Holdings
Source of classification or shelving scheme Damaged status Not for loan Home library Current library Shelving location Date of accession Source of acquisition Cost, normal purchase price Total Checkouts Full call number Barcode Date last seen Copy number Method of acquisition Koha item type Currency
Dewey Decimal Classification     JCC Rouf Library JCC Rouf Library General Stacks   With the compliments of Shahriar Imtiaz Rahman,27/1483/K 4625.00   004.68 EDN 2004 19849 02/05/2025 C-1 Gift/Donation Books BDT

JCC Library | Contacts | JCC Home

Last Update on 23 September 2017
Copyright @ 2017-2020 JCC Rouf Library
Rouf Library, Jhenidah Cadet College (JCC), Bangladesh